| 000 | 00447nam a2200193Ia 4500 | ||
|---|---|---|---|
| 005 | 20250603145039.0 | ||
| 008 | 250603s9999 xx 000 0 und d | ||
| 020 | _a9781496310248 | ||
| 050 | _aQM 25 .A38/ | ||
| 100 | _aAgur, Anne M. R. | ||
| 245 | 0 | _aGrant’s atlas of anatomy | |
| 250 | _a14th ed. | ||
| 260 | _aPhiladelphia | ||
| 260 | _bWolters Kluwer | ||
| 260 | _c2017 | ||
| 300 | _a867 p | ||
| 650 | _aPhiladelphia | ||
| 942 | _cBK | ||
| 999 |
_c40713 _d40713 |
||